Wird geladen...
ഷേക്സ്പിയർ നാടകങ്ങൾ
| 1. Verfasser: | |
|---|---|
| Weitere Verfasser: | |
| Format: | Printed Book |
| Veröffentlicht: |
Kottayam:
D C Books,
2012.
|
| Schlagworte: |
| LEADER | 00532cam a2200157ua 4500 | ||
|---|---|---|---|
| 999 | |c 44948 |d 44948 | ||
| 020 | |a 9788126436484 | ||
| 082 | |a 822.33 |b SHA-S | ||
| 100 | |a ഷേക്സ്പിയർ | ||
| 245 | |a ഷേക്സ്പിയർ നാടകങ്ങൾ | ||
| 260 | |a Kottayam: |b D C Books, |c 2012. | ||
| 300 | |a 1214p. | ||
| 650 | |a Shakespeare Drama | ||
| 700 | |a Shakespear, William. | ||
| 942 | |c REF | ||
| 952 | |0 0 |1 0 |4 0 |6 822_330000000000000_SHAS |7 0 |9 56909 |a KU |b KU |c GEN |d 2015-07-05 |g 450.00 |l 0 |o 822.33 SHA-S |p CL01340 |r 2015-07-05 |y REF | ||